Library Banner

Foreign office year book 2004-05/ (Record no. 109806)

MARC details
000 -LEADER
fixed length control field 00378nam a22001217a 4500
005 - DATE AND TIME OF LATEST TRANSACTION
control field 20181226104456.0
008 - FIXED-LENGTH DATA ELEMENTS--GENERAL INFORMATION
fixed length control field 181226b ||||| |||| 00| 0 eng d
040 ## - CATALOGING SOURCE
Transcribing agency PK-LaUMT
082 ## - DEWEY DECIMAL CLASSIFICATION NUMBER
Classification number RHC 327.5491
Item number FOR-
245 ## - TITLE STATEMENT
Title Foreign office year book 2004-05/
Statement of responsibility, etc Riaz Ahmed Syed(Editor)
260 ## - PUBLICATION, DISTRIBUTION, ETC. (IMPRINT)
Place of publication, distribution, etc Islamabad:
Name of publisher, distributor, etc Ministry of Foreign Affairs Government of Pakistan
Date of publication, distribution, etc 2005
942 ## - ADDED ENTRY ELEMENTS (KOHA)
Koha item type Books
Holdings
Withdrawn status Lost status Damaged status Home library Current library Date acquired Full call number Barcode Date last seen Price effective from Koha item type
      UMT Main Campus UMT Main Campus 2018-12-26 RHC 327.5491 FOR- 127190 2018-12-26 2018-12-26 Books